<?xml version="1.0" encoding="UTF-8"?>
<record
    xmlns:xsi="http://www.w3.org/2001/XMLSchema-instance"
    xsi:schemaLocation="http://www.loc.gov/MARC21/slim http://www.loc.gov/standards/marcxml/schema/MARC21slim.xsd"
    xmlns="http://www.loc.gov/MARC21/slim">

  <leader>02883njm a2200445Ia 4500</leader>
  <controlfield tag="001">23946</controlfield>
  <controlfield tag="003">IT-RoPAU</controlfield>
  <controlfield tag="005">20220918181158.0</controlfield>
  <controlfield tag="008">131025s9999    xx            000 0 und d</controlfield>
  <datafield tag="040" ind1=" " ind2=" ">
    <subfield code="a">IT-RoPAU</subfield>
  </datafield>
  <datafield tag="040" ind1=" " ind2=" ">
    <subfield code="c">IT-RoPAU</subfield>
  </datafield>
  <datafield tag="999" ind1=" " ind2=" ">
    <subfield code="c">102774</subfield>
    <subfield code="d">102774</subfield>
  </datafield>
  <datafield tag="999" ind1=" " ind2=" ">
    <subfield code="b">n.d.</subfield>
  </datafield>
  <datafield tag="100" ind1=" " ind2=" ">
    <subfield code="a">AA.VV.</subfield>
    <subfield code="9">794</subfield>
  </datafield>
  <datafield tag="100" ind1=" " ind2=" ">
    <subfield code="e">Autore musica</subfield>
    <subfield code="9">7767</subfield>
  </datafield>
  <datafield tag="100" ind1=" " ind2=" ">
    <subfield code="g">Codice autore musica SPICS: 12000</subfield>
    <subfield code="9">796</subfield>
  </datafield>
  <datafield tag="245" ind1=" " ind2=" ">
    <subfield code="a">Mirage (Lp Vpas 898)</subfield>
  </datafield>
  <datafield tag="250" ind1=" " ind2=" ">
    <subfield code="a">1a ed.</subfield>
  </datafield>
  <datafield tag="260" ind1=" " ind2=" ">
    <subfield code="a">MILANO</subfield>
  </datafield>
  <datafield tag="260" ind1=" " ind2=" ">
    <subfield code="b">VEDETTE RECORDS</subfield>
    <subfield code="c">1971 [1a Ed.:1971 - Ed. Lingua Orig.: 1971]</subfield>
  </datafield>
  <datafield tag="300" ind1=" " ind2=" ">
    <subfield code="a">DISCO</subfield>
  </datafield>
  <datafield tag="300" ind1=" " ind2=" ">
    <subfield code="c">35 minuti (Testo:  pag.)</subfield>
  </datafield>
  <datafield tag="500" ind1=" " ind2=" ">
    <subfield code="a">Colonna sonora. Musica da film</subfield>
  </datafield>
  <datafield tag="505" ind1=" " ind2=" ">
    <subfield code="a">Theme From Love Story (4:00) - Africa addio Theme From the Film (3:00) - Djamball&#xE0; [(dal dilm Il dio serpente) (4:00)] - Love Is a Many-Splendored Thing [(dal film L'amore &#xE8; una cosa meravigliosa) (3:00)] - Here's To You [(dal film Sacco e Vanzetti) (3:00)] - I Love You, Phil [(dal film Love Story) (3:00)] - Indian Love Call [(Canto d'amore indiano) (dal film Rosemarie) (3:00)] - Soldier Blue [(dal film Soldato Blu Soldato blu) (4:00)] - Tomorrow's Another Day (3:00) - Voyou la canaglia (3:00) - Snow Frolic [(dal film Love Story) (3:00)] - Morte a Venezia [(Adagietto dalla 5a sinfonia di Mahler) (dal film omonimo) (4:00)]</subfield>
  </datafield>
  <datafield tag="511" ind1=" " ind2=" ">
    <subfield code="a">Orchestre Peter Hamilton &amp; Dorsey Dodd</subfield>
  </datafield>
  <datafield tag="650" ind1=" " ind2=" ">
    <subfield code="a">COLONNA SONORA [DISCHI]</subfield>
    <subfield code="e">Codice MATERIA SPICS: 9950</subfield>
    <subfield code="9">7768</subfield>
  </datafield>
  <datafield tag="700" ind1=" " ind2=" ">
    <subfield code="a">Dodd Dorsey</subfield>
    <subfield code="d">Codice interprete SPICS: 8019</subfield>
    <subfield code="e">Interprete</subfield>
    <subfield code="9">7769</subfield>
  </datafield>
  <datafield tag="700" ind1=" " ind2=" ">
    <subfield code="a">Lai Francis</subfield>
    <subfield code="d">Codice autore musica SPICS: 10971</subfield>
    <subfield code="e">Autore musica</subfield>
    <subfield code="p">Theme From Love Story - I Love You, Phil - Voyou la canaglia - Snow Frolic</subfield>
    <subfield code="9">7770</subfield>
  </datafield>
  <datafield tag="700" ind1=" " ind2=" ">
    <subfield code="a">Ortolani Riz</subfield>
    <subfield code="d">Codice autore musica SPICS: 11049</subfield>
    <subfield code="e">Autore musica</subfield>
    <subfield code="p">Africa addio</subfield>
    <subfield code="9">7771</subfield>
  </datafield>
  <datafield tag="700" ind1=" " ind2=" ">
    <subfield code="a">Martelli Augusto</subfield>
    <subfield code="d">Codice autore musica SPICS: 11006</subfield>
    <subfield code="e">Autore musica</subfield>
    <subfield code="p">Djamball&#xE0;</subfield>
    <subfield code="9">7772</subfield>
  </datafield>
  <datafield tag="700" ind1=" " ind2=" ">
    <subfield code="a">Devilli (Curci Alberto)</subfield>
    <subfield code="d">Codice autore musica SPICS: 13392</subfield>
    <subfield code="e">Autore musica</subfield>
    <subfield code="p">Love Is a Many-Splendored Thing</subfield>
    <subfield code="9">7773</subfield>
  </datafield>
  <datafield tag="700" ind1=" " ind2=" ">
    <subfield code="a">Fain Sammy</subfield>
    <subfield code="d">Codice autore SPICS: 14147</subfield>
    <subfield code="e">Autore</subfield>
    <subfield code="p">Love Is a Many-Splendored Thing</subfield>
    <subfield code="9">7774</subfield>
  </datafield>
  <datafield tag="700" ind1=" " ind2=" ">
    <subfield code="a">Webster Benjamin Francis (Ben)</subfield>
    <subfield code="d">Codice autore testo/musica SPICS: 14419</subfield>
    <subfield code="e">Autore testo/musica</subfield>
    <subfield code="p">Love Is a Many-Splendored Thing</subfield>
    <subfield code="9">7775</subfield>
  </datafield>
  <datafield tag="700" ind1=" " ind2=" ">
    <subfield code="a">Morricone Ennio</subfield>
    <subfield code="d">Codice autore musica SPICS: 3535</subfield>
    <subfield code="e">Autore musica</subfield>
    <subfield code="p">Here's To You</subfield>
    <subfield code="9">7776</subfield>
  </datafield>
  <datafield tag="700" ind1=" " ind2=" ">
    <subfield code="a">Baez Joan</subfield>
    <subfield code="d">Codice autore SPICS: 9679</subfield>
    <subfield code="e">Autore</subfield>
    <subfield code="p">Here's To You</subfield>
    <subfield code="9">7777</subfield>
  </datafield>
  <datafield tag="700" ind1=" " ind2=" ">
    <subfield code="a">Friml Rudolf</subfield>
    <subfield code="d">Codice autore musica SPICS: 14252</subfield>
    <subfield code="e">Autore musica</subfield>
    <subfield code="p">Indian Love Call</subfield>
    <subfield code="9">7778</subfield>
  </datafield>
  <datafield tag="700" ind1=" " ind2=" ">
    <subfield code="a">Sante-Marie Buffy</subfield>
    <subfield code="d">Codice autore musica SPICS: 14253</subfield>
    <subfield code="e">Autore musica</subfield>
    <subfield code="p">Soldier Blue</subfield>
    <subfield code="9">7779</subfield>
  </datafield>
  <datafield tag="700" ind1=" " ind2=" ">
    <subfield code="a">Tical H.</subfield>
    <subfield code="d">Codice autore musica SPICS: 13941</subfield>
    <subfield code="e">Autore musica</subfield>
    <subfield code="p">Tomorrow's Another Day</subfield>
    <subfield code="9">7780</subfield>
  </datafield>
  <datafield tag="700" ind1=" " ind2=" ">
    <subfield code="a">Mahler Gustav</subfield>
    <subfield code="d">Codice autore musica SPICS: 4334</subfield>
    <subfield code="e">Autore musica</subfield>
    <subfield code="p">Morte a Venezia (Adagietto dalla 5a sinfonia)</subfield>
    <subfield code="9">7781</subfield>
  </datafield>
  <datafield tag="942" ind1=" " ind2=" ">
    <subfield code="c">MD</subfield>
    <subfield code="2">ddc</subfield>
  </datafield>
  <datafield tag="952" ind1=" " ind2=" ">
    <subfield code="0">0</subfield>
    <subfield code="1">0</subfield>
    <subfield code="4">0</subfield>
    <subfield code="6">23946_000000000000000</subfield>
    <subfield code="7">1</subfield>
    <subfield code="a">SPICS</subfield>
    <subfield code="b">SPICS</subfield>
    <subfield code="d">2013-10-25</subfield>
    <subfield code="l">0</subfield>
    <subfield code="o">23946</subfield>
    <subfield code="r">2013-10-25 00:00:00</subfield>
    <subfield code="w">2013-10-25</subfield>
    <subfield code="y">MD</subfield>
    <subfield code="z">Progr. Ins.: 4793 / N.Vol.: 1 / Copie: 1 - Copia rara: n.d. / date import: 01.01.2014 - By Epidotti, Trombetti, Vaglietti</subfield>
  </datafield>
</record>
